Human resource management / (Record no. 41338)

MARC details
000 -LEADER
fixed length control field 00788nam a22002177a 4500
005 - DATE AND TIME OF LATEST TRANSACTION
control field 2010081201091.0
010 ## - LCCN (DPL NO)
LC control number ENG-99880
020 ## - INTERNATIONAL STANDARD BOOK NUMBER
Terms of availability 200.00
International Standard Book Number 9380060769
020 ## - INTERNATIONAL STANDARD BOOK NUMBER
Terms of availability 200.00
International Standard Book Number 9789380060767
035 ## - SYSTEM CONTROL NUMBER
System control number EN-83412
037 ## - SOURCE OF ACQUISITION
Source of stock number/acquisition DBAD/PUB
082 ## - DEWEY DECIMAL CLASSIFICATION NUMBER
Classification number 658.3
100 ## - MAIN ENTRY--PERSONAL NAME
Personal name Muralidharan, D.
245 ## - TITLE STATEMENT
Title Human resource management /
Statement of responsibility, etc by D.Muralidharan
260 ## - PUBLICATION, DISTRIBUTION, ETC. (IMPRINT)
Place of publication, distribution, etc Salem
Name of publisher, distributor, etc M.S.K. Publications
Date of publication, distribution, etc 2009
270 ## - ADDRESS
City Salem
Postal code 636103
Address 3/189E, Athanoor, Amman koil st. Masinaganptti- p.o., Ayyothiyapattinam
300 ## - PHYSICAL DESCRIPTION
Extent 122p.
Dimensions 21cm (pbk)
650 ## - SUBJECT ADDED ENTRY--TOPICAL TERM
Topical term or geographic name as entry element Personnel management
942 ## - ADDED ENTRY ELEMENTS (KOHA)
Source of classification or shelving scheme Dewey Decimal Classification
Item type English Books
Classification part 658.3
Call number suffix MUR
Holdings
Withdrawn status Lost status Not for loan Collection code Home library Current library Date acquired Source of acquisition Cost, normal purchase price Full call number Barcode Copy number Cost, replacement price Koha item type
    Not For Loan Non-fiction D.B.Act.Division D.B.Act.Division 12/08/2010 DBAD/PUB 200.00 658.3 MUR EN-83412 1 200.00 English Books

© Delhi Public Library
Hit Counter
free hit counter